Islam, women & violence in Kashmir: (Record no. 56366)
[ view plain ]
| 000 -LEADER | |
|---|---|
| fixed length control field | 00893nam a22002177a 4500 |
| 005 - DATE AND TIME OF LATEST TRANSACTION | |
| control field | 20110906112250.0 |
| 010 ## - LCCN (DPL NO) | |
| LC control number | G-001345 |
| 020 ## - INTERNATIONAL STANDARD BOOK NUMBER | |
| Terms of availability | 395.00 |
| International Standard Book Number | 9788189487577 |
| 035 ## - SYSTEM CONTROL NUMBER | |
| System control number | G-001345 |
| 037 ## - SOURCE OF ACQUISITION | |
| Source of stock number/acquisition | Gift |
| 082 ## - DEWEY DECIMAL CLASSIFICATION NUMBER | |
| Classification number | 305.48697095411 |
| 100 ## - MAIN ENTRY--PERSONAL NAME | |
| Personal name | Nyla Ali Khan |
| 245 ## - TITLE STATEMENT | |
| Title | Islam, women & violence in Kashmir: |
| Statement of responsibility, etc | by Nyla Ali Khan |
| Remainder of title | between India and Pakistan / |
| 260 ## - PUBLICATION, DISTRIBUTION, ETC. (IMPRINT) | |
| Place of publication, distribution, etc | New Delhi |
| Name of publisher, distributor, etc | Tulika Books |
| Date of publication, distribution, etc | 2009 |
| 270 ## - ADDRESS | |
| Address | 35 A/1 (third floor), Shahpur Jat, |
| City | New Delhi |
| Postal code | 110049 |
| 300 ## - PHYSICAL DESCRIPTION | |
| Extent | xiv, 185p. |
| Dimensions | 25cm(pbk) |
| 500 ## - GENERAL NOTE | |
| General note | Includes glossary, bibliographical references and index |
| 942 ## - ADDED ENTRY ELEMENTS (KOHA) | |
| Source of classification or shelving scheme | Dewey Decimal Classification |
| Item type | English Books |
| Classification part | 305.48697095411 |
| Call number suffix | NYL |
| Withdrawn status | Lost status | Not for loan | Collection code | Home library | Current library | Date acquired | Source of acquisition | Cost, normal purchase price | Full call number | Barcode | Copy number | Cost, replacement price | Koha item type |
|---|---|---|---|---|---|---|---|---|---|---|---|---|---|
| Non-fiction | Janak Puri | Janak Puri | 06/09/2011 | gift | 395.00 | 305.48697095411 NYL | G-001345 | 1 | 395.00 | English Books |
